000 01564cam a2200349 a 4500
001 EDZ0000072165
003 StDuBDS
005 20161031105130.0
006 m||||||||d||||||||
007 cr |||||||||||
008 120412s2006 cau fo| 001|0|eng|d
020 _a9781452204345 (ebook) :
_cNo price
040 _aStDuBDS
_beng
_cStDuBDS
_epn
049 _aAlfaisal Main Library
050 0 _aHM736
_b.B87 2006
082 0 4 _a302.34
_223
100 1 _aBurtis, John Orville.
245 1 0 _aGroup communication pitfalls
_h[electronic resource] :
_bovercoming barriers to an effective group experience /
_cJohn O. Burtis, Paul D. Turman.
260 _aThousand Oaks, Calif. ;
_aLondon :
_bSAGE,
_cc2006.
300 _a1 online resource (xvi, 247 p.)
520 8 _aThe authors treat groups and the work involved in grouping as useful tools humans have developed for responding to pressures of demands faced by group members. However, as these increase the group may begin to malfunction and it is imperative to spot early signs of this breakdown before the pressures become too great.
521 _aSpecialized.
588 _aDescription based on print version record.
504 _aIncludes bibliographical references and index.
650 0 _aCommunication in small groups.
655 7 _aElectronic books.
_2local
700 1 _aTurman, Paul D.
710 2 _aSage eBooks
776 0 8 _iPrint version :
_z9781412915359
856 4 0 _uhttp://ezproxy.alfaisal.edu/login?url=http://sk.sagepub.com/books/group-communication-pitfalls
942 _2lcc
_cEBOOKS
999 _c480010
_d480010